00538nam a2200181 a 4500008004100000020001500041050001500056100001700071245008500088260004700173300001600220350000900236650004200245650001100287650001700298700002300315700001800338081203s2004 ||||||||||||||||| || u a3037780177 aJC 572 Fac aMuller, Lars14aThe face of human rightscedited by Walter Kalin; Lars Muller; Judith Wyttenbach aSwitzerland:bLars Muller Publishersc2004 a719p.: ill. a0.00 aHUMAN RIGHTS--HANDBOOKS, MANUALS, ETC aRIGHTS 0aHUMAN RIGHTS aWyttenbach, Judith aKalin, Walter